000 00578nam a22002177a 4500
005 20170124110121.0
010 _a755214
020 _c00.00
035 _a755214
037 _bCen Lib/Ret
040 _aDPL
_bEN
082 _aS
_bKIP
100 _aKipling, Rudyard
_930559
245 _aJust so stories :
_cby Rudyard Kipling
_bfor little children /
260 _bMacmillan and Co.
_c1952
_aLondon
270 _bLondon
_ast. martin's street,
300 _av, 228p.
_c21cm(Hb)
650 _aliterature
_96262
650 _aStories
_97500
942 _2ddc
_cEN
_hS
_mKIP
999 _c130999
_d130999